000 00932nam a2200265Ia 4500
008 130821s1982 mx gr spa
020 _a9684326068
040 _aCo-BoUCM
_bspa
041 _aspa
100 _aHesiodo, S. VII. A. C.
_9156421
245 _aTeogonía
_cHesíodo
260 _aMéxico D.F. (México)
_bPorrúa
_c1982
300 _a89 páginas
490 _aSepan Cuantos, 206
505 _aContenido : Los trabajos y los días.-- El escudo de heracles.-- Idilios de Bión.-- Idilios de Marco.-- Himnos orficos.-- Incluye índice
650 0 4 _aLiteratura griega
_976
650 0 4 _aPoesía griega
_921813
700 _aEl Escudo de Heracles
_9156422
700 _aHimnos Orficos
_9156423
700 _aIdilios de Bion
_9156424
700 _aIdilios de Marco
_9156425
700 _aLos Trabajos y Los Días
_9156426
942 _cLIBRO
_a18
_e1
_mH37
_2DEWEY
_h881.01
_n0
999 _c19861
_d19861